| 000 | 00840na a2200301 4500 | ||
|---|---|---|---|
| 001 | 20853 | ||
| 003 | MIRAKIL | ||
| 005 | 20181213155008.0 | ||
| 008 | 170127b tu 000 0 | ||
| 035 | _a20853 | ||
| 040 |
_aMilas _btur _cTR-AnCHP |
||
| 041 | _atur | ||
| 082 |
_aCHP 324.2372 _bC36ö [2015] |
||
| 090 | _aBROŞÜR 228 | ||
| 110 | _aCumhuriyet Halk Partisi (CHP) | ||
| 240 | _aUmut CHP | ||
| 245 |
_aÖzgür bir gençlik için _bUmut CHP _cCHP |
||
| 246 | _aUmut CHP | ||
| 260 |
_aAnkara _bCHP _c[2015] |
||
| 300 |
_abroşür _c20 sm. |
||
| 440 |
_aCumhuriyet Halk Partisi yayınları _pBroşürler |
||
| 610 |
_aCHP _xPropaganda ve ideolojiler _yGençler |
||
| 657 | _aCHP seçim propagandaları | ||
| 657 | _aCHP seçim kampanyaları | ||
| 830 | _aCHP broşürleri | ||
| 942 |
_2ddc _cBKS |
||
| 999 |
_c4507 _d4507 |
||